'D' Sorting Gallery Quiz Stats

 Plays Quiz Updated Jul 2, 2018

Score 0/55 Timer 04:00
589 Plays Today
% Correct
David
98.3%
Daniel
98.2%
Derek
96.9%
Dylan
96.9%
Damian
95.1%
Devin
92.4%
Dalton
92.4%
Diego
91.7%
Düsseldorf
90.8%
Dominic
89.2%
Damascus
89.1%
Dollar
88.7%
Dublin
88.3%
Dolphins
88%
Dodgers
87.4%
Diamondbacks
86.7%
Dasher
86.6%
Dancer
86%
Devils
85.8%
Dopey
85.2%
Dos
84.2%
Ducks
84.1%
Dinar
82.8%
Doc
82.2%
Dakar
81.7%
Duisburg
81.6%
Darmstadt
81%
Donner
80.8%
% Correct
Deux
80.1%
Dresden
80%
Djibouti
79%
Dragon
78.1%
Dakota
76.5%
Dois
76.3%
Dortmund
74.8%
Dhaka
73.9%
Due
71%
Diglett
70.7%
Düren
68.1%
Dragonite
66.4%
Dewgong
64.9%
Doha
62.2%
Dram
62.2%
Dong
61%
Dugtrio
59.9%
Doduo
58.1%
Dodrio
58.1%
Dushanbe
56.6%
Dratini
51.9%
Ditto
44.5%
Dirham
40.6%
Dili
38.5%
Dodoma
38.4%
Dobra
35.5%
Dalasi
31.6%

You're not logged in!

Compare scores with friends on all Sporcle quizzes.
OR
Log In

Sporcle TV

Today on Sporcle TV


Watch our educational content, quiz creation guides, and fun videos on Sporcle TV.

Show Comments

Extras

Top Quizzes Today


Score Distribution

Your Account Isn't Verified!

In order to create a playlist on Sporcle, you need to verify the email address you used during registration. Go to your Sporcle Settings to finish the process.

Report this User

Report this user for behavior that violates our Community Guidelines.

Details: